00532nam a22001577a 4500020001500000082001200015100002000027245003900047260005300086300002800139500004400167650004100211942000700252999001500259952010000274 a013027805X00a541 RAF1 aRaff, Lionel M.10aPrinciples of physical chemistry / aUpper Saddle River, NJ :bPrentice Hall,cc2001. axxxi, 1256 p. :bill. ; aThis volume consist page no 507 - 1256  0aChemistry, Physical and theoretical. cBK c3367d3367 0010708NFICaICbICcGENd2016-05-19l0o541 RAFp007123r2022-11-17 00:00:00w2016-05-19yBK